Stenografická správa o 33. schôdzi Národnej rady Slovenskej republiky konanej 1., 2. a 3. júna 1994 10. volebné obdobie

Saved in:
Bibliographic Details
Format: Book
Language:Slovak
Published: Bratislava Národná rada SR 1994
Edition:1. vyd.
Subjects:
Tags: Add Tag
No Tags, Be the first to tag this record!

MARC

LEADER 00000nam a2200000 4500
001 c009486
005 20221214075446.8
041 0 |a slo 
044 |a SK 
245 1 0 |a Stenografická správa o 33. schôdzi Národnej rady Slovenskej republiky konanej 1., 2. a 3. júna 1994  |b 10. volebné obdobie 
250 |a 1. vyd. 
264 1 |a Bratislava  |b Národná rada SR  |c 1994 
300 |a 135 s. 
610 2 0 |a parlamenty 
610 2 0 |a Slovensko 
610 2 0 |a NR SR Bratislava 
610 2 0 |a schôdze 
610 2 0 |a jún 
610 2 0 |a 1994